00765nam a22002417a 450000500170000001000110001702000100002803500110003803700160004904000120006508200130007710000220009024500620011226000400017427000160021430000280023065000450025865000340030370000270033794200220036499900190038695201180040520170124110033.0 a744652 c00.00 a744652 bCen Lib/Ret adplbEN a887bKER aKerr, Jean922075 aPenny candy /cby Jean Kerr;illustrated by Whitney Darrow bDoubleday & Companyc1970aNew York aGarden City a186p. :c20cm(Hb)bill. aClassical greek humor and satire.922076 aHow to talk to a baby.922077 aDarrow, Whitney922078 2ddccENh887mKER c127979d127979 00104070aLbLd2015-07-01eCen Lib/Retg0.00l0o887 KERp744652r2015-07-01 00:00:00t1v0.00w2015-07-01yEN